|
|
|
|
| LEADER |
00000ntm a22000007u 4500 |
| 001 |
zp27009 |
| 041 |
|
|
|a slo
|
| 100 |
1 |
|
|a Špačková, Katarína
|4 dis
|
| 245 |
1 |
0 |
|a Projekt založení kuchyňského a interiérového studia
|
| 246 |
|
|
|a Project of Foundation of a Kitchen and Interior Studio
|
| 260 |
|
|
|c 2012
|
| 300 |
|
|
|a 120 s.
|
| 500 |
|
|
|a Studijní obor: Podniková ekonomika
|
| 500 |
|
|
|a Studijní obor: Enterprise Economics
|
| 500 |
|
|
|a Ústav: Ústav podnikové ekonomiky
|
| 500 |
|
|
|a Univerzita Tomáše Bati ve Zlíně. Fakulta managementu a ekonomiky
|
| 500 |
|
|
|a Tomas Bata University in Zlín. Faculty of Management and Economics
|
| 506 |
|
|
|a Bez omezení
|
| 653 |
|
|
|a podnik
|
| 653 |
|
|
|a kuchynské a interiérové štúdio
|
| 653 |
|
|
|a podnikateľský plán
|
| 653 |
|
|
|a analýza konkurencie
|
| 653 |
|
|
|a marketingový výskum
|
| 653 |
|
|
|a dotazník
|
| 653 |
|
|
|a company
|
| 653 |
|
|
|a kitchen and interior studio
|
| 653 |
|
|
|a business plan
|
| 653 |
|
|
|a analysis of competition
|
| 653 |
|
|
|a marketing research
|
| 653 |
|
|
|a questionnaire
|
| 655 |
|
4 |
|a diplomová práce
|
| 700 |
1 |
|
|a Fialová, Šárka
|4 ths
|
| 710 |
2 |
|
|a Univerzita Tomáše Bati ve Zlíně. Fakulta managementu a ekonomiky
|4 dgg
|
| 710 |
2 |
|
|a Tomas Bata University in Zlín. Faculty of Management and Economics
|4 dgg
|
| 856 |
4 |
0 |
|u http://hdl.handle.net/10563/19041
|y Plný text v Digitální knihovně UTB
|